Cultura popular tradicional cubana /
שמור ב:
| מחבר תאגידי: | |
|---|---|
| פורמט: | לא ידוע |
| שפה: | Spanish |
| יצא לאור: |
Cuba :
El Centro,
1999.
|
| נושאים: | |
| תגים: |
הוספת תג
אין תגיות, היה/י הראשונ/ה לתייג את הרשומה!
|
MARC
| LEADER | 000000000a22000000004500 | ||
|---|---|---|---|
| 001 | 015661 | ||
| 041 | 0 | |a spa | |
| 082 | 0 | 4 | |a 972.91 |b C397cu |
| 110 | 2 | |a Centro de Investigación y Desarrollo de la Cultura Cubana Juan Marinello | |
| 245 | 1 | 0 | |a Cultura popular tradicional cubana / |c Centro de Investigación y Desarrollo de la Cultura Cubana Juan Marinello. |
| 260 | 1 | |a Cuba : |b El Centro, |c 1999. | |
| 300 | |a 204 páginas | ||
| 650 | 4 | |a CUBA | |
| 650 | 4 | |a CULTURA POPULAR | |
| 650 | 4 | |a VIDA SOCIAL Y COSTUMBRES | |
| 999 | |c 21502 |d 21502 | ||
| 942 | |c BK |h 972.91 C397cu |2 z | ||
